000 00242nam a22000857a 4500
008 161122b xxu||||| |||| 00| 0 eng d
100 _91320
_aManogrpah. A
245 _aLearning : the treasure with in
260 _aNew delhi
_bNationla book trust
_c1996
999 _c4033
_d4033